000 01310 a2200361 4500
001 200002618
999 _c200002618
_d26379
003 TR-AnTOB
005 20250227093035.0
008 110316b2010 tu 000 0 d
020 _a9786054448057 (Tk.)
020 _a978605448017 (v.1)
020 _a978605448027 (v.2)
020 _a9786054448037 (v.3)
020 _a9786054448047 (v.4)
040 _aTR-AnTOB
041 _atur
050 4 _aB99.T8
_b.B38 2010
090 _aB99.T8 B38 2010
245 0 0 _aBatı'ya yön veren metinler /
_cderleyen Alev Alatlı.
264 1 _aNevşehir :
_bİlke Eğitim ve Sağlık Vakfı,
_c2010.
300 _av.
_c24 cm.
505 0 _aGiriş.-- v.1. Kökler / Orta çağlar (0-1350).-- v.2. Rönesans/ Protestan reformu/ Erken modern dönem/ Bilim çağı (1350-1650)-- v.3. Aydınlanma/ Burjuvazi yüzyılı/ Bilim çağının zaferi (1650-1800)-- v.4. Moderniteye doğru kaotik modern dünya (1800-1970).
650 0 _aPhilosophy, Medieval
_99994
650 0 _aEnlightenment
_xPhilosophy
_972040
650 0 _aAydınlanma
_xFelsefe
_97598
650 0 _aPhilosophy
_xHistory
_97798
650 0 _aPhilosophy, Modern
_xHistory
_958642
650 0 _aFelsefe
_xTarih
_97797
650 0 _aFelsefe, Ortaçağ
_910000
650 _aFelsefe, Modern
_946776
942 _cBK